| 000 | 00800cam a22002773a 4500 | ||
|---|---|---|---|
| 001 | 1121 | ||
| 003 | PGUSA | ||
| 005 | 20140828082957.0 | ||
| 008 | 971201s1997||||xxu|||||s|||||000 | eng d | ||
| 040 |
_aPGUSA _beng |
||
| 042 | _adc | ||
| 050 | 4 | _aPR | |
| 100 | 1 |
_aShakespeare, William, _d1564-1616 |
|
| 245 | 1 | 0 |
_aAs You Like It _h[electronic resource] / _cWilliam Shakespeare |
| 260 |
_bProject Gutenberg, _c1997 |
||
| 500 | _aWorld Library | ||
| 506 | _aCopyrighted. Read the copyright notice inside this book for details. | ||
| 516 | _aElectronic text | ||
| 653 | _aPastoral drama | ||
| 653 | _aFathers and daughters -- Drama | ||
| 653 | _aComedies | ||
| 653 | _aExiles -- Drama | ||
| 830 | 0 |
_aProject Gutenberg _v1121 |
|
| 856 | 4 | 0 | _uhttp://www.gutenberg.org/ebooks/1121 |
| 942 | _cEB | ||
| 999 |
_c230469 _d230469 |
||